Código Orgánico de Tribunales: edición oficial, aprobada por Decreto 1.456, de 19 noviembre de 1990, del Ministerio de Justicia
Kaydedildi:
| Materyal Türü: | Kitap |
|---|---|
| Dil: | İspanyolca |
| Baskı/Yayın Bilgisi: |
Santiago
Jurídica de Chile
1990
|
| Edisyon: | 12a. ed |
| Konular: | |
| Etiketler: |
Etiketle
Etiket eklenmemiş, İlk siz ekleyin!
|
MARC
| LEADER | 00000nam a2200000 a 4500 | ||
|---|---|---|---|
| 001 | UCV1849 | ||
| 003 | CL-VaPUC | ||
| 008 | 910423e19900000CL |||||||||||||||||spa|d | ||
| 082 | 0 | 4 | |a 347.8301 |b COD |2 21 |
| 245 | 1 | 0 | |a Código Orgánico de Tribunales: edición oficial, aprobada por Decreto 1.456, de 19 noviembre de 1990, del Ministerio de Justicia |
| 250 | |a 12a. ed | ||
| 300 | |a 363 p | ||
| 942 | |c BK | ||
| 945 | |d 19910423 00:00:00 |a nfarias | ||
| 260 | |a Santiago |b Jurídica de Chile |c 1990 | ||
| 650 | 0 | |a Código orgánico de tribunales |9 256731 | |
| 651 | 7 | |a CHILE |2 CL-VaPUC |9 296043 | |
| 583 | |a last modification |c 19910423 00:00:00 |k Rodrigo Vera | ||
| 999 | |c 209629 |d 209627 | ||
| 952 | |0 0 |1 0 |2 ddc |4 0 |6 347_830100000000000_COD_1990 |7 0 |8 FOND_LRYV |9 185165 |a BIBDER |b BIBDER |d 2019-11-14 |i 2526107 |o 347.8301 COD 1990 |p 2526107 |r 2023-01-25 |w 2019-11-14 |y BK_X |k DER | ||
| 952 | |0 0 |1 0 |2 ddc |4 0 |6 347_830100000000000_COD_1990 |7 0 |8 FOND_LRYV |9 185166 |a BIBDER |b BIBDER |d 2019-11-14 |i 2526115 |o 347.8301 COD 1990 |p 2526115 |r 2023-01-25 |w 2019-11-14 |y BK_X |k DER | ||